Diputación Provincial de Barcelona : instituciones culturales : MCMLXV instituciones culturales :
Descripción Física:
[45] f. sense numerar i sense relligar ; 19 x 28 cm
MARC
| LEADER | 00000nam a2200000Ia 4500 | ||
|---|---|---|---|
| 001 | 1798 | ||
| 003 | BGR | ||
| 005 | 20260324175402.0 | ||
| 008 | 160829s9999 xx 000 0 cat d | ||
| 080 | |a FOL-1-195 | ||
| 110 | 1 | |a Barcelona (Catalunya : Província). |b Diputació |9 52408 | |
| 245 | |a Diputación Provincial de Barcelona : |b instituciones culturales : |b MCMLXV | ||
| 260 | |a [Barcelona] : |b Comisión de Educación de la Diputación Provincial de Barcelona, DL 1965 | ||
| 300 | |a [45] f. sense numerar i sense relligar ; |c 19 x 28 cm | ||
| 610 | 1 | 0 | |a Barcelona (Catalunya : Província). |b Diputació |9 52408 |
| 650 | 0 | |a Acadèmies, societats culturals, etc. |9 30577 | |
| 901 | |a Arxiu | ||
| 942 | |n 1 |2 udc |c MON | ||
| 952 | |0 0 |1 0 |4 0 |6 FOL1195 |7 1 |9 45446 |a Arxiu |b Arxiu |d 2016-12-01 |l 0 |o FOL-1-195 |p 1798 |r 2016-12-01 00:00:00 |w 2016-12-01 |y ARXIU | ||
| 999 | |c 48611 |d 48611 | ||